[Event "Pan American-ch School U15"]
[Site "Medellin"]
[Date "2019.11.17"]
[Round "9"]
[White "Nunez Villavicencio, Jorge Daniel"]
[Black "Zambrano Vinache, Aramyr"]
[Result "1/2-1/2"]
[WhiteElo "1532"]
[BlackElo "1670"]
[PlyCount "71"]
[EventDate "2019.11.12"]
[EventType "swiss"]
[EventRounds "9"]
[EventCountry "COL"]
[SourceTitle "CBM 193 Extra"]
[Source "ChessBase"]
[SourceDate "2020.01.31"]
[SourceVersion "1"]
[SourceVersionDate "2020.01.31"]
[SourceQuality "1"]

1. e4 c5 2. Nf3 d6 3. d4 cxd4 4. Nxd4 Nf6 5. Nc3 e5 6. Nf3 Nc6 7. Bb5 a6 8. Ba4 b5 9. Bb3 Be6 10. 0-0 Be7 11. Re1 0-0 12. Nd5 Na5 13. Be3 Nc4 14. Bxc4 bxc4 15. Nxe7+ Qxe7 16. Bg5 Bg4 17. h3 Bh5 18. Re3 Qe6 19. Bxf6 Qxf6 20. Qd5 Qe6 21. Rd1 Bxf3 22. Rxf3 Qxd5 23. Rxd5 Rfd8 24. Ra3 Kf8 25. Rda5 Rdb8 26. b3 cxb3 27. axb3 Rb6 28. c3 Rc8 29. c4 Ra8 30. c5 dxc5 31. Rxc5 f6 32. Rc7 Rab8 33. f3 Rxb3 34. Rxa6 R3b7 35. Ra7 Rxa7 36. Rxa7 1/2-1/2

[Event "Pan American-ch School U15"]
[Site "Medellin"]
[Date "2019.11.14"]
[Round "4"]
[White "Areiza Tabares, Samuel Andres"]
[Black "Zambrano Vinache, Aramyr"]
[Result "0-1"]
[WhiteElo "1517"]
[BlackElo "1670"]
[PlyCount "56"]
[EventDate "2019.11.12"]
[EventType "swiss"]
[EventRounds "9"]
[EventCountry "COL"]
[SourceTitle "CBM 193 Extra"]
[Source "ChessBase"]
[SourceDate "2020.01.31"]
[SourceVersion "1"]
[SourceVersionDate "2020.01.31"]
[SourceQuality "1"]

1. Nf3 Nf6 2. d4 d5 3. c4 dxc4 4. e3 e6 5. Bxc4 c5 6. Nc3 a6 7. a4 b6 8. 0-0 Bb7 9. Qe2 Nbd7 10. Rd1 Qc7 11. e4 cxd4 12. Nxd4 Bb4 13. Na2 Bd6 14. g3 Nxe4 15. Bxe6 0-0 16. Bxd7 Qxd7 17. Nc3 Nxc3 18. bxc3 Rfe8 19. Qh5 g6 20. Qh6 Bf8 21. Qh4 Qd5 22. f3 Bc5 23. Rf1 Re5 24. Ba3 Rae8 25. Bxc5 bxc5 26. Nc2 Qd2 27. Rf2 Re2 28. Rxe2 Rxe2 0-1